Central Library OPAC University of Rajshahi

Linear algebra / (Record no. 50472)

MARC details
000 -LEADER
fixed length control field 00872cam a2200289 a 4500
001 - CONTROL NUMBER
control field 50472
003 - CONTROL NUMBER IDENTIFIER
rucl marc code BD-RJUL
005 - DATE AND TIME OF LATEST TRANSACTION
control field 20211209075520.0
008 - FIXED-LENGTH DATA ELEMENTS--GENERAL INFORMATION
fixed length control field 160827s1971 maua 001 0 eng d
035 ## - SYSTEM CONTROL NUMBER
System control number BD-RJUL 50592
040 ## - CATALOGING SOURCE
Original cataloging agency DLC
Transcribing agency DLC
Language of cataloging eng
041 ## - LANGUAGE CODE
Language code of text/sound track or separate title eng
082 ## - DEWEY DECIMAL CLASSIFICATION NUMBER
Classification number 512.5
Edition number 19
Author mark and year LAL 1971
100 1# - MAIN ENTRY--PERSONAL NAME
Personal name Lang, Serge,
Dates associated with a name 1927-2005.
9 (RLIN) 151209
245 10 - TITLE STATEMENT
Title Linear algebra /
Statement of responsibility, etc. Serge Lang.
250 ## - EDITION STATEMENT
Edition statement 2nd ed.
260 ## - PUBLICATION, DISTRIBUTION, ETC. (IMPRINT)
Place of publication, distribution, etc. Reading, Mass :
Name of publisher, distributor, etc. Addison-Wesley,
Date of publication, distribution, etc. c1971
300 ## - PHYSICAL DESCRIPTION
Pagination xi, 400 p. :
Illustrations ill. ;
Size 24 cm.
490 1# - SERIES STATEMENT
Series statement Addison-Wesley series in mathematics
Series statement Addison-Wesley world student series
500 ## - GENERAL NOTE
General note Includes index.
650 #0 - SUBJECT ADDED ENTRY--TOPICAL TERM
Topical term or geographic name as entry element Algebras, Linear.
9 (RLIN) 137168
830 #0 - SERIES ADDED ENTRY--UNIFORM TITLE
Uniform title Addison-Wesley series in mathematics
Uniform title Addison-Wesley world student series.
942 ## - ADDED ENTRY ELEMENTS (KOHA)
Source of classification or shelving scheme Dewey Decimal Classification
Koha item type Books
Holdings
Lost status Source of classification or shelving scheme Damaged status Not for loan Collection code Permanent Location Current Location Shelving location Date acquired Source of acquisition Total Checkouts Full call number Date last seen Copy number Koha item type
  Dewey Decimal Classification     Non-fiction Central Library, University of Rajshahi Central Library, University of Rajshahi   01/12/1973 U.S. Govt.   512.5 LAL 1971 27/08/2016 C-2 Books
  Dewey Decimal Classification     Non-fiction Central Library, University of Rajshahi Central Library, University of Rajshahi   01/12/1973 U.S. Govt.   512.5 LAL 1971 27/08/2016 C-3 Books
  Dewey Decimal Classification     Non-fiction Central Library, University of Rajshahi Central Library, University of Rajshahi   01/12/1973 U.S. Govt.   512.5 LAL 1971 27/08/2016 C-4 Books
  Dewey Decimal Classification     Non-fiction Central Library, University of Rajshahi Central Library, University of Rajshahi   01/12/1973 U.S. Govt.   512.5 LAL 1971 27/08/2016 C-5 Books
  Dewey Decimal Classification     Non-fiction Central Library, University of Rajshahi Central Library, University of Rajshahi   01/12/1973 U.S. Govt.   512.5 LAL 1971 27/08/2016 C-6 Books